| 000 | 00504nam a22001812 4500 | ||
|---|---|---|---|
| 001 | 0000001978 | ||
| 005 | 20170406113855.0 | ||
| 008 | 140211s xx 000 0 eng d | ||
| 020 | _c$ | ||
| 040 |
_aYour Holding Symbol _cYour Holding Symbol |
||
| 100 | 1 | _aStoltenberg,H.Carl. | |
| 245 | 1 | 0 | _aPlanning reseach for resource decisions. |
| 250 | _a ed. | ||
| 260 |
_aU.S.A : _bThe lowa state university, _c1970. |
||
| 300 |
_a182 p. ; _c cm. |
||
| 650 | 0 | _aeconomics. | |
| 908 | _a140211 | ||
| 999 |
_c1888 _d1888 |
||